000 00474nam a22001817a 4500
999 _c3857
_d3857
003 GBCCL
005 20241126110505.0
008 171214b xxu||||| |||| 00| 0 eng d
020 _a0860653617
040 _cgbc
082 _a262.26
_bCOT
100 _aCotterell, Peter
_97594
245 _aAll About House Groups /
_cPeter Cotterell
260 _aEastbourne:
_bKingsway Publications,
_c1985
300 _a127 p.;
_c17 cm.
650 _aSmall groups
_99556
942 _2ddc
_cBK